[Event "Pacific Southwest op 52nd"]
[Site "Woodland Hills"]
[Date "2012.07.01"]
[Round "4"]
[White "Hermansen, Ron"]
[Black "Stein, Jeremy A"]
[Result "1-0"]
[WhiteElo "2202"]
[BlackElo "2128"]
[PlyCount "85"]
[EventDate "2012.06.30"]
[EventType "swiss"]
[EventRounds "5"]
[EventCountry "USA"]
[SourceTitle "EXT 2013"]
[Source "ChessBase"]
[SourceDate "2012.11.22"]
[SourceVersion "1"]
[SourceVersionDate "2012.11.22"]
[SourceQuality "1"]

1. e4 c5 2. Nf3 d6 3. d4 cxd4 4. Nxd4 Nf6 5. Nc3 g6 6. g3 Bg7 7. Bg2 0-0 8. 0-0 Nc6 9. Nde2 Rb8 10. a4 a6 11. h3 b5 12. axb5 axb5 13. Bg5 h6 14. Be3 b4 15. Nd5 Nd7 16. Ra2 e6 17. Ndf4 Qc7 18. Qd2 Rd8 19. b3 Kh7 20. Nd3 Nde5 21. Rd1 Rb5 22. Ne1 Ra5 23. Rxa5 Qxa5 24. f4 Nd7 25. e5 d5 26. Nd4 Nxd4 27. Bxd4 Ba6 28. Ra1 Qb5 29. Nd3 Bf8 30. Bf1 Qc6 31. Nxb4 Bxb4 32. Qxb4 Bxf1 33. Rxf1 Ra8 34. c3 Ra2 35. Qe7 Kg8 36. Qe8+ Kg7 37. f5 gxf5 38. Rxf5 Ra1+ 39. Kg2 Ra2+ 40. Kf3 exf5 41. e6+ f6 42. Qf7+ Kh8 43. exd7 1-0

[Event "Pacific Southwest op 52nd"]
[Site "Woodland Hills"]
[Date "2012.07.01"]
[Round "5"]
[White "Yankovsky, Roman"]
[Black "Hermansen, Ron"]
[Result "1-0"]
[WhiteElo "2467"]
[BlackElo "2202"]
[PlyCount "65"]
[EventDate "2012.06.30"]
[EventType "swiss"]
[EventRounds "5"]
[EventCountry "USA"]
[SourceTitle "EXT 2013"]
[Source "ChessBase"]
[SourceDate "2012.11.22"]
[SourceVersion "1"]
[SourceVersionDate "2012.11.22"]
[SourceQuality "1"]

1. e4 g6 2. g3 Bg7 3. Bg2 c5 4. Ne2 Nc6 5. 0-0 Nf6 6. f4 d6 7. d3 Bg4 8. h3 Bxe2 9. Qxe2 Nd7 10. c3 Qc7 11. a4 a6 12. Na3 0-0 13. f5 Rab8 14. Nc4 b5 15. axb5 axb5 16. Ne3 Nb6 17. Ng4 Ne5 18. f6 exf6 19. Nxf6+ Kh8 20. g4 c4 21. d4 Nd3 22. Be3 Ra8 23. Rxa8 Rxa8 24. g5 Ra2 25. Qg4 Qd8 26. Qh4 Bxf6 27. gxf6 Nd7 28. Bf3 g5 29. Bxg5 Qg8 30. Bg4 Nf8 31. Bh6 Qg6 32. Bxf8 Rxb2 33. Qh6 1-0

[Event "USA-chT Amateur West"]
[Site "Woodland Hills"]
[Date "2011.02.20"]
[Round "3"]
[White "Hermansen, Ron"]
[Black "Peters, Jack"]
[Result "0-1"]
[WhiteElo "2213"]
[BlackElo "2364"]
[PlyCount "38"]
[EventDate "2011.02.19"]
[EventType "team-swiss"]
[EventRounds "6"]
[EventCountry "USA"]
[SourceTitle "EXT 2014"]
[Source "ChessBase"]
[SourceDate "2013.11.20"]
[SourceVersion "1"]
[SourceVersionDate "2013.11.20"]
[SourceQuality "1"]

1. e4 c5 2. Nf3 Nc6 3. d4 cxd4 4. Nxd4 e6 5. Nb5 d6 6. Bf4 e5 7. Be3 Nf6 8. Bg5 Be6 9. g3 Rc8 10. N1c3 a6 11. Na3 Nd4 12. Qd3 d5 13. Bg2 Bxa3 14. bxa3 dxe4 15. Bxe4 Rxc3 16. Qxc3 Nxe4 17. Bxd8 Nxc3 18. Kd2 Ne4+ 19. Ke3 Nd6 0-1

[Event "Los Angeles Century West op"]
[Site "Los Angeles"]
[Date "2010.01.10"]
[Round "5"]
[White "Bryant, John Daniel"]
[Black "Hermansen, Ron"]
[Result "1/2-1/2"]
[WhiteElo "2366"]
[BlackElo "2209"]
[PlyCount "116"]
[EventDate "2010.01.08"]
[EventType "swiss"]
[EventRounds "5"]
[EventCountry "USA"]
[SourceTitle "CBM 134 Extra"]
[Source "ChessBase"]
[SourceDate "2010.03.03"]
[SourceVersion "1"]
[SourceVersionDate "2010.03.03"]
[SourceQuality "1"]

1. e4 d6 2. d4 g6 3. Nc3 Bg7 4. g3 Nc6 5. Be3 e5 6. d5 Nce7 7. f4 f5 8. fxe5 Bxe5 9. Nf3 fxe4 10. Nxe5 dxe5 11. Bd4 Bg4 12. Qxg4 exd4 13. Nxe4 Qxd5 14. Bg2 Qf5 15. Qh4 Qa5+ 16. b4 Qxb4+ 17. c3 Qb6 18. 0-0 Nf5 19. Qf4 dxc3+ 20. Kh1 Nge7 21. Rab1 Qd4 22. g4 Nd5 23. Qg5 Nfe3 24. Nxc3 Qxc3 25. Bxd5 Nxf1 26. Rxf1 Rf8 27. Rd1 c6 28. Rc1 Qf6 29. Re1+ Kd8 30. Qd2 cxd5 31. Qa5+ Kd7 32. Qxd5+ Qd6 33. Qxb7+ Qc7 34. Re7+ Kxe7 35. Qxc7+ Kf6 36. Qxh7 Rf7 37. Qh3 Kg7 38. Qc3+ Kh7 39. Kg2 Raf8 40. Kg3 Rf2 41. Qe3 R2f7 42. Kh4 Rc7 43. Kg5 Rb8 44. a4 Rb6 45. Qe8 Rc5+ 46. Kf4 Rc7 47. Ke5 Rb1 48. Kd6 Rcb7 49. a5 Rh1 50. Qe4 Rd1+ 51. Kc6 Rdd7 52. Qe5 Re7 53. Qd6 Rf7 54. h4 Rbe7 55. g5 Kg7 56. Kb5 Rf5+ 57. Kc4 Rff7 58. Kc3 Rb7 1/2-1/2

[Event "USA-chT Amateur West"]
[Site "Woodland Hills"]
[Date "2009.02.15"]
[Round "4"]
[White "Hermansen, Ron"]
[Black "Shankland, Samuel L"]
[Result "0-1"]
[WhiteElo "2235"]
[BlackElo "2453"]
[PlyCount "138"]
[EventDate "2009.02.14"]
[EventType "team-swiss"]
[EventRounds "6"]
[EventCountry "USA"]
[SourceTitle "EXT 2014"]
[Source "ChessBase"]
[SourceDate "2013.11.20"]
[SourceVersion "1"]
[SourceVersionDate "2013.11.20"]
[SourceQuality "1"]

1. e4 c5 2. Nf3 d6 3. d4 cxd4 4. Nxd4 Nf6 5. Nc3 a6 6. h3 e5 7. Nde2 Be6 8. g4 h6 9. Bg2 Nbd7 10. 0-0 Nb6 11. f4 Rc8 12. f5 Bd7 13. b3 Be7 14. a4 Bc6 15. Nd5 Bxd5 16. exd5 Qc7 17. Be3 Bd8 18. c4 Nbd7 19. a5 b6 20. axb6 Qb7 21. Qe1 Bxb6 22. Nc1 Bxe3+ 23. Qxe3 Nc5 24. Rf2 Rb8 25. Rb2 Qb4 26. Bf3 a5 27. Ne2 a4 28. Nd4 Nxb3 29. Nc6 Qxc4 30. Rc1 a3 31. Rbc2 Qb5 32. Nxb8 0-0 33. Nc6 Nxc1 34. Qxc1 Ra8 35. Qa1 Qb3 36. Rf2 a2 37. Bg2 Qb6 38. Nb4 Qxb4 39. Rxa2 Rxa2 40. Qxa2 Qd4+ 41. Qf2 Qd1+ 42. Qf1 Qxf1+ 43. Kxf1 Kf8 44. Kf2 Ke7 45. Kg3 g5 46. fxg6 fxg6 47. Kf2 Kd7 48. Ke3 Kc7 49. Kd3 Kb6 50. Kc4 Ka5 51. Bf3 Nd7 52. Be4 g5 53. Bh1 Nb6+ 54. Kd3 Kb4 55. Ke4 Kc5 56. Kf5 Nxd5 57. Kg6 Nf4+ 58. Kxh6 Nxh3 59. Kg6 Kd4 60. Kf5 d5 61. Bg2 Nf4 62. Bf1 e4 63. Kxg5 Ke5 64. Kh6 d4 65. g5 d3 66. g6 d2 67. g7 d1Q 68. g8Q Qh5+ 69. Kg7 Ne6+ 0-1

[Event "South Calfornia-ch Cand"]
[Site "Garden Grove"]
[Date "2008.06.22"]
[Round "4"]
[White "Landaw, Julian W"]
[Black "Hermansen, Ron"]
[Result "1-0"]
[WhiteElo "2248"]
[BlackElo "2244"]
[PlyCount "69"]
[EventDate "2008.06.21"]
[EventType "swiss"]
[EventRounds "4"]
[EventCountry "USA"]
[SourceTitle "EXT 2014"]
[Source "ChessBase"]
[SourceDate "2013.11.20"]
[SourceVersion "1"]
[SourceVersionDate "2013.11.20"]
[SourceQuality "1"]

1. e4 g6 2. Nc3 Bg7 3. g3 d6 4. Bg2 e5 5. d3 Be6 6. f4 exf4 7. Bxf4 Nc6 8. Nf3 Qd7 9. h3 Nd4 10. Ng5 Ne7 11. Qd2 Nec6 12. 0-0 h6 13. Nxe6 fxe6 14. Nd1 e5 15. Be3 Nd8 16. c3 N4c6 17. Nf2 Nf7 18. h4 Qe7 19. Bh3 0-0 20. Ng4 h5 21. Nh2 Ncd8 22. Qc2 Ne6 23. Qb3 Nc5 24. Qc4 c6 25. a4 b6 26. b4 d5 27. exd5 cxd5 28. Qxd5 Rad8 29. Qc4 Rxd3 30. Bxc5 Rxg3+ 31. Kf2 bxc5 32. Kxg3 Bh6 33. Rxf7 Rxf7 34. Be6 Bf4+ 35. Kh3 1-0

[Event "Western Class-ch 15th"]
[Site "Agoura Hills"]
[Date "2008.01.20"]
[Round "3"]
[White "Hermansen, Ron"]
[Black "Akopian, Robert"]
[Result "1-0"]
[WhiteElo "2254"]
[BlackElo "2134"]
[PlyCount "89"]
[EventDate "2008.01.18"]
[EventType "swiss"]
[EventRounds "6"]
[EventCountry "USA"]
[SourceTitle "EXT 2013"]
[Source "ChessBase"]
[SourceDate "2012.11.22"]
[SourceVersion "1"]
[SourceVersionDate "2012.11.22"]
[SourceQuality "1"]

1. e4 d6 2. d4 Nf6 3. Nc3 g6 4. Nf3 Bg7 5. Bf4 c6 6. Qd2 h6 7. h3 b5 8. Bd3 a6 9. 0-0 g5 10. e5 Nd5 11. Nxd5 cxd5 12. Bg3 dxe5 13. Bxe5 f6 14. Bg6+ Kf8 15. Bh2 Nc6 16. Rfe1 Bd7 17. c3 Na5 18. Re2 Nc4 19. Qd3 Qb6 20. Rae1 e6 21. b3 Na5 22. g4 Rc8 23. Nd2 Qc6 24. Nf1 Kg8 25. Re3 Nb7 26. Bh5 Nd8 27. f4 gxf4 28. Bxf4 b4 29. cxb4 Qb5 30. Qd2 Kh7 31. a4 Qb6 32. a5 Qa7 33. Bd6 Nb7 34. Qd3+ f5 35. Bc5 Nxc5 36. bxc5 Bb5 37. Bg6+ Kg8 38. Qd1 Bxf1 39. Kxf1 Qc7 40. Qf3 Bxd4 41. Rxe6 Qxc5 42. Bf7+ Kg7 43. Qxf5 Qc2 44. Rg6+ Kf8 45. Re8+ 1-0

[Event "Southern California-ch"]
[Site "Los Angeles"]
[Date "2007.07.15"]
[Round "7"]
[White "Hermansen, Ron"]
[Black "Peters, Jack"]
[Result "0-1"]
[WhiteElo "2229"]
[BlackElo "2423"]
[PlyCount "90"]
[EventDate "2007.07.07"]
[EventType "tourn"]
[EventRounds "7"]
[EventCountry "USA"]
[EventCategory "2"]
[SourceTitle "CBM 119 Extra"]
[Source "ChessBase"]
[SourceDate "2007.09.04"]
[SourceVersion "1"]
[SourceVersionDate "2007.09.04"]
[SourceQuality "1"]

1. e4 g6 2. d4 Bg7 3. Nc3 c6 4. f4 d5 5. e5 h5 6. Nf3 Nh6 7. Bd3 Bf5 8. 0-0 e6 9. b3 Nd7 10. Ne2 c5 11. c4 dxc4 12. bxc4 cxd4 13. Ba3 Qa5 14. Bd6 Nc5 15. Bxc5 Qxc5 16. Qa4+ b5 17. Qb3 Bxd3 18. Qxd3 bxc4 19. Qxd4 Rc8 20. Rab1 0-0 21. Rb7 a6 22. Rb6 Qa5 23. Qb2 c3 24. Qb4 Qxb4 25. Rxb4 Rfd8 26. Rd4 Rxd4 27. Nfxd4 Bf8 28. Rc1 Ba3 29. Rc2 Bb2 30. h3 Rc4 31. Kf2 Nf5 32. Nxf5 gxf5 33. Ke3 h4 34. g3 hxg3 35. Nxg3 Ra4 36. Nh5 Rxa2 37. Kd3 Kf8 38. Nf6 Ke7 39. h4 Ra1 40. h5 Rd1+ 41. Ke3 Bc1+ 42. Kf3 Rd3+ 43. Ke2 Rd2+ 44. Rxd2 Bxd2 45. h6 Kf8 0-1

[Event "Southern California-ch"]
[Site "Los Angeles"]
[Date "2007.07.14"]
[Round "6"]
[White "Hermansen, Ron"]
[Black "Landaw, Julian W"]
[Result "1/2-1/2"]
[WhiteElo "2229"]
[BlackElo "2191"]
[PlyCount "51"]
[EventDate "2007.07.07"]
[EventType "tourn"]
[EventRounds "7"]
[EventCountry "USA"]
[EventCategory "2"]
[SourceTitle "CBM 119 Extra"]
[Source "ChessBase"]
[SourceDate "2007.09.04"]
[SourceVersion "1"]
[SourceVersionDate "2007.09.04"]
[SourceQuality "1"]

1. e4 e5 2. Nf3 Nc6 3. Bb5 a6 4. Ba4 Nf6 5. 0-0 b5 6. Bb3 Be7 7. c3 d5 8. exd5 Nxd5 9. Qe2 Qd6 10. d4 exd4 11. Nxd4 Nxd4 12. cxd4 Bb7 13. Nc3 Nxc3 14. bxc3 0-0 15. Qg4 Qg6 16. Qxg6 hxg6 17. Bf4 Rac8 18. Rfe1 Rfe8 19. Re3 Bd6 20. Be5 Bxe5 21. dxe5 c5 22. Rae1 c4 23. Bc2 Rcd8 24. R1e2 Bc8 25. f3 Bf5 26. Kf2 1/2-1/2

[Event "Memorial Day Classic"]
[Site "Los Angeles"]
[Date "2007.05.28"]
[Round "6"]
[White "Hermansen, Ron"]
[Black "Kretchetov, Alexandre"]
[Result "1/2-1/2"]
[WhiteElo "2229"]
[BlackElo "2299"]
[PlyCount "31"]
[EventDate "2007.05.26"]
[EventType "swiss"]
[EventRounds "6"]
[EventCountry "USA"]
[SourceTitle "CBM 118 Extra"]
[Source "ChessBase"]
[SourceDate "2007.07.04"]
[SourceVersion "1"]
[SourceVersionDate "2007.07.04"]
[SourceQuality "1"]

1. e4 e5 2. Nf3 Nc6 3. Bb5 g6 4. d4 exd4 5. Bg5 Be7 6. Bxe7 Qxe7 7. 0-0 Qc5 8. Bxc6 dxc6 9. Qxd4 Qxd4 10. Nxd4 Bd7 11. Nc3 0-0-0 12. Rad1 f6 13. f3 Nh6 14. Rf2 Nf7 15. Rfd2 Rhe8 16. Nde2 1/2-1/2

[Event "Memorial Day Classic"]
[Site "Los Angeles"]
[Date "2007.05.27"]
[Round "3"]
[White "Hermansen, Ron"]
[Black "Kitagami, Show"]
[Result "1-0"]
[WhiteElo "2229"]
[BlackElo "2122"]
[PlyCount "76"]
[EventDate "2007.05.26"]
[EventType "swiss"]
[EventRounds "6"]
[EventCountry "USA"]
[SourceTitle "CBM 118 Extra"]
[Source "ChessBase"]
[SourceDate "2007.07.04"]
[SourceVersion "1"]
[SourceVersionDate "2007.07.04"]
[SourceQuality "1"]

1. e4 e6 2. d4 d5 3. Nc3 Nf6 4. exd5 exd5 5. Nf3 Be7 6. Bd3 0-0 7. 0-0 Bg4 8. Ne2 Ne4 9. Ne5 Bh5 10. f3 Nd6 11. Nf4 Bg6 12. Nxd5 Nf5 13. Nxe7+ Qxe7 14. c3 c5 15. Nxg6 fxg6 16. Re1 Qc7 17. Qb3+ Kh8 18. Be4 Nd6 19. dxc5 Nxe4 20. Rxe4 Qxc5+ 21. Be3 Qc7 22. Re1 Nc6 23. Bf2 Rad8 24. Qa3 h6 25. Re6 g5 26. Qc5 Qf7 27. b4 a6 28. a4 g4 29. b5 Na5 30. bxa6 Nb3 31. Qb6 gxf3 32. Qxb7 Qh5 33. Qe4 fxg2 34. Qe5 Rf5 35. Rxh6+ Qxh6 36. Qxf5 Nd2 37. Be3 Qc6 38. Bxd2 Rxd2 1-0

[Event "Minneapolis HB Global op"]
[Site "Minneapolis"]
[Date "2005.05.18"]
[Round "1"]
[White "Hermansen, Ron"]
[Black "Epishin, Vladimir"]
[Result "0-1"]
[WhiteElo "2233"]
[BlackElo "2605"]
[PlyCount "102"]
[EventDate "2005.05.18"]
[EventType "swiss"]
[EventRounds "9"]
[EventCountry "USA"]
[SourceTitle "CBM 107"]
[Source "ChessBase"]
[SourceDate "2005.08.01"]
[SourceVersion "1"]
[SourceVersionDate "2005.08.01"]
[SourceQuality "1"]

1. e4 c5 2. Nf3 e6 3. d3 d6 4. g3 Nd7 5. Bg2 b6 6. 0-0 Bb7 7. Re1 Ngf6 8. h3 Be7 9. Bg5 0-0 10. Nbd2 h6 11. Be3 Qc7 12. Nh2 d5 13. f4 dxe4 14. Nxe4 Rad8 15. Nd2 Bxg2 16. Kxg2 Rfe8 17. Ng4 Nd5 18. Bf2 Bf8 19. Ne5 g6 20. Qe2 Bg7 21. a3 Ne7 22. Ndf3 Nc6 23. c3 Ndxe5 24. fxe5 Rd7 25. b4 Rc8 26. Kh2 Qd8 27. Rad1 Ne7 28. bxc5 bxc5 29. Qc2 Rd5 30. d4 cxd4 31. Bxd4 Qa5 32. Ra1 Rd7 33. Qb3 Qd5 34. Qd1 Nc6 35. Qe2 Nxd4 36. cxd4 Rc3 37. Rf1 Rdc7 38. Ra2 a5 39. a4 Rb3 40. Rb2 Rcc3 41. Rxb3 Qxb3 42. Nd2 Qxa4 43. Qf2 Rc7 44. Qf4 Rd7 45. Nf3 Qc2+ 46. Kg1 Rb7 47. Nd2 a4 48. Ne4 a3 49. Rf2 Qb1+ 50. Kg2 a2 51. Nc3 a1Q 0-1

[Event "Western Class-ch"]
[Site "Agoura Hills"]
[Date "2004.01.16"]
[Round "1"]
[White "Hermansen, Ron"]
[Black "Ehlvest, Jaan"]
[Result "0-1"]
[WhiteElo "2226"]
[BlackElo "2602"]
[PlyCount "104"]
[EventDate "2004.01.16"]
[EventType "swiss"]
[EventRounds "7"]
[EventCountry "USA"]
[SourceTitle "CBM 098 Extra"]
[Source "ChessBase"]
[SourceDate "2004.03.10"]
[SourceVersion "2"]
[SourceVersionDate "2004.03.10"]
[SourceQuality "1"]

1. e4 c5 2. Nf3 e6 3. d4 cxd4 4. Nxd4 a6 5. Bd3 Bc5 6. Nb3 Be7 7. Nc3 d6 8. f4 Nf6 9. Qf3 Nbd7 10. Be3 Qc7 11. a4 b6 12. 0-0 Bb7 13. Qh3 h5 14. Kh1 Ng4 15. Bg1 Ndf6 16. Rae1 e5 17. fxe5 Nxe5 18. Qe3 Nfd7 19. Nd5 Bxd5 20. exd5 g6 21. Qe2 Qb7 22. Nd4 Bh4 23. Rd1 Bf6 24. Nc6 0-0 25. Nxe5 Bxe5 26. c4 a5 27. Qc2 Nc5 28. Rf3 Kg7 29. Rdf1 Qd7 30. b3 Qe7 31. Qd1 Rae8 32. Bc2 Nd7 33. Qd2 Kg8 34. Rh3 f5 35. b4 axb4 36. Qxb4 Rb8 37. a5 bxa5 38. Qxa5 Rb2 39. Bd1 Qg5 40. Bf3 Rfb8 41. Qe1 R8b3 42. Qh4 Qxh4 43. Rxh4 Rb1 44. Be2 Rxf1 45. Bxf1 Rb1 46. Bd3 Rd1 47. Be2 Re1 48. Bf3 f4 49. g3 Bd4 50. Kg2 Rxg1+ 51. Kh3 Be3 52. gxf4 Bf2 0-1

[Event "US Open-104"]
[Site "Los Angeles"]
[Date "2003.08.15"]
[Round "12"]
[White "Lein, Anatoly"]
[Black "Hermansen, Ron"]
[Result "1/2-1/2"]
[WhiteElo "2420"]
[BlackElo "2229"]
[PlyCount "110"]
[EventDate "2003.08.03"]
[EventType "swiss"]
[EventRounds "12"]
[EventCountry "USA"]
[SourceTitle "CBM 095 Extra"]
[Source "ChessBase"]
[SourceDate "2003.09.04"]
[SourceVersion "1"]
[SourceVersionDate "2003.09.04"]
[SourceQuality "1"]

1. c4 Nf6 2. Nc3 c6 3. d4 d5 4. cxd5 cxd5 5. Nf3 Nc6 6. Bf4 e6 7. e3 Be7 8. Bd3 0-0 9. Rc1 Bd7 10. h3 Qb6 11. Qe2 Nb4 12. Bb1 Rfc8 13. 0-0 Rxc3 14. bxc3 Bb5 15. Qd1 Bxf1 16. Qxf1 Nc6 17. c4 dxc4 18. Qxc4 Ba3 19. Rd1 Bf8 20. e4 Ne7 21. Qd3 g6 22. Bg5 Bg7 23. Qa3 Nc6 24. Be3 Na5 25. Rc1 Nc4 26. Qb3 Qxb3 27. axb3 Nxe3 28. fxe3 Ne8 29. e5 f5 30. Kf2 Bh6 31. g4 Kf7 32. Bd3 a6 33. Rc2 Ke7 34. gxf5 gxf5 35. e4 fxe4 36. Bxe4 Rb8 37. Bxh7 Kd7 38. Be4 Nc7 39. Ke2 b5 40. Rc6 Bf8 41. Rc1 a5 42. Bc6+ Ke7 43. Nh4 Bh6 44. Ra1 Rb6 45. Be4 Ra6 46. Kd3 a4 47. Nf3 a3 48. Kc3 Kd7 49. b4 Ra4 50. Ne1 Bf8 51. Nd3 Na6 52. Nc5+ Nxc5 53. dxc5 Bxc5 54. Bd3 Rxb4 55. Rxa3 Kc6 1/2-1/2

[Event "US Open-104"]
[Site "Los Angeles"]
[Date "2003.08.13"]
[Round "10"]
[White "Mezentsev, Vladimir Gen"]
[Black "Hermansen, Ron"]
[Result "0-1"]
[WhiteElo "2423"]
[BlackElo "2229"]
[PlyCount "100"]
[EventDate "2003.08.03"]
[EventType "swiss"]
[EventRounds "12"]
[EventCountry "USA"]
[SourceTitle "CBM 095 Extra"]
[Source "ChessBase"]
[SourceDate "2003.09.04"]
[SourceVersion "1"]
[SourceVersionDate "2003.09.04"]
[SourceQuality "1"]

1. e4 c5 2. Nf3 d6 3. g3 Nc6 4. Bg2 Nf6 5. d3 g6 6. 0-0 Bg7 7. Re1 Bg4 8. h3 Bxf3 9. Qxf3 0-0 10. c3 Rb8 11. Qe2 Qc7 12. Nd2 b5 13. Nf1 b4 14. Ne3 e6 15. Nc4 Nd7 16. Bf4 Nde5 17. Nxe5 dxe5 18. Be3 bxc3 19. bxc3 Qa5 20. Qc2 Rb6 21. Reb1 Rfb8 22. Bd2 Qa3 23. Bf1 h5 24. Kg2 Kh7 25. g4 hxg4 26. hxg4 Bf6 27. Be2 Rxb1 28. Rxb1 Rxb1 29. Qxb1 g5 30. Qb3 Qxb3 31. axb3 Be7 32. Kf1 Kg7 33. Ke1 Kf8 34. Kd1 Ke8 35. Kc2 Kd7 36. Kb2 Kc7 37. Ka3 Kb7 38. Ka4 a6 39. Be3 f6 40. Bd1 Bd6 41. Bc2 Kc7 42. Bb1 Be7 43. Ba2 Kd7 44. Bd2 Kc7 45. b4 cxb4 46. Bxe6 bxc3 47. Bxc3 Bc5 48. f3 Nd4 49. Ba5+ Bb6 50. Bb4 Nxe6 0-1

[Event "US Open-104"]
[Site "Los Angeles"]
[Date "2003.08.03"]
[Round "1"]
[White "Hermansen, Ron"]
[Black "Andrews, Anthony M"]
[Result "1-0"]
[WhiteElo "2229"]
[BlackElo "2015"]
[PlyCount "57"]
[EventDate "2003.08.03"]
[EventType "swiss"]
[EventRounds "12"]
[EventCountry "USA"]
[SourceTitle "CBM 095 Extra"]
[Source "ChessBase"]
[SourceDate "2003.09.04"]
[SourceVersion "1"]
[SourceVersionDate "2003.09.04"]
[SourceQuality "1"]

1. e4 c5 2. Nf3 Nc6 3. d4 cxd4 4. Nxd4 d6 5. Bc4 Nf6 6. Nc3 g6 7. Nxc6 bxc6 8. e5 Ng4 9. e6 f5 10. Bf4 Bg7 11. Qf3 Qb6 12. Bb3 a5 13. 0-0 Bb7 14. Rae1 Ba6 15. Na4 Qc7 16. c4 Ne5 17. Qc3 0-0 18. Qc2 d5 19. Re3 dxc4 20. Rfe1 cxb3 21. axb3 Rad8 22. Bxe5 Bxe5 23. Rxe5 Bd3 24. Qc3 Be4 25. Nc5 Rd5 26. Nd7 Rxe5 27. Nxe5 Rf6 28. Nf7 Rxe6 29. Nh6+ 1-0

[Event "Memorial Day Classic"]
[Site "Los Angeles"]
[Date "2003.05.26"]
[Round "6"]
[White "Hermansen, Ron"]
[Black "Del Pilar, Reynaldo"]
[Result "1/2-1/2"]
[WhiteElo "2213"]
[BlackElo "2232"]
[PlyCount "101"]
[EventDate "2003.05.24"]
[EventType "swiss"]
[EventRounds "6"]
[EventCountry "USA"]
[SourceTitle "CBM 094 Extra"]
[Source "ChessBase"]
[SourceDate "2003.07.09"]
[SourceVersion "2"]
[SourceVersionDate "2003.07.09"]
[SourceQuality "1"]

1. e4 c5 2. Nf3 d6 3. d4 cxd4 4. Nxd4 Nf6 5. Nc3 Nc6 6. Bc4 Qb6 7. Nb3 e6 8. Bf4 Ne5 9. Be2 a6 10. Be3 Qc7 11. f4 Nc4 12. Bxc4 Qxc4 13. Qf3 Bd7 14. 0-0-0 Qc7 15. g4 Bc6 16. g5 Nd7 17. Qh3 0-0-0 18. g6 Nf6 19. gxf7 Qxf7 20. Bb6 Re8 21. Rhe1 Nh5 22. f5 e5 23. Na5 Nf4 24. Qf1 Qd7 25. Nxc6 Qxc6 26. Be3 Nh5 27. Rd3 Kb8 28. Qe2 Nf6 29. Bg5 Be7 30. Bxf6 Bxf6 31. Nd5 Bd8 32. Kb1 Rhf8 33. Qg4 g6 34. fxg6 hxg6 35. Red1 Rf2 36. Rc3 Qb5 37. Rc8+ Ka7 38. Qg1 Qe2 39. Rc1 Ref8 40. Nc3 Qd2 41. Rxd8 Rxd8 42. Nd1 Rdf8 43. Nxf2 Rxf2 44. Qxg6 Rxh2 45. Qg1+ Rf2 46. Ka1 Kb8 47. Qg8+ Kc7 48. Qc4+ Kb6 49. Kb1 Re2 50. a3 Ka7 51. Qd3 1/2-1/2

[Event "American op 38th"]
[Site "Los Angeles"]
[Date "2002.12.01"]
[Round "7"]
[White "Hermansen, Ron"]
[Black "Taylor, Timothy"]
[Result "1/2-1/2"]
[WhiteElo "2203"]
[BlackElo "2404"]
[PlyCount "178"]
[EventDate "2002.11.28"]
[EventType "swiss"]
[EventRounds "8"]
[EventCountry "USA"]
[SourceTitle "CBM 091 Extra"]
[Source "ChessBase"]
[SourceDate "2003.01.09"]
[SourceVersion "1"]
[SourceVersionDate "2003.01.09"]
[SourceQuality "1"]

1. e4 e5 2. Nf3 d6 3. d4 exd4 4. Qxd4 Nf6 5. Nc3 Be7 6. Bg5 0-0 7. h3 Nc6 8. Qd2 Be6 9. 0-0-0 a6 10. g4 b5 11. Bxf6 Bxf6 12. g5 Bxc3 13. Qxc3 Ne5 14. Rg1 b4 15. Qe3 Nxf3 16. Qxf3 c5 17. c4 bxc3 18. Qxc3 Rb8 19. Bc4 Rb4 20. Bd5 Bxd5 21. Rxd5 Rxe4 22. Qd3 Re6 23. Qxa6 Qe7 24. Rgd1 Rd8 25. Qd3 h6 26. h4 hxg5 27. hxg5 Re5 28. Qg3 Ra8 29. Rxd6 Rxg5 30. Qd3 g6 31. Rd8+ Rxd8 32. Qxd8+ Qxd8 33. Rxd8+ Kg7 34. Kc2 Rf5 35. Rd2 Rf4 36. Kc3 Kf6 37. b3 Ke5 38. a4 Rb4 39. a5 Rb5 40. Ra2 Kd5 41. a6 Rb8 42. a7 Ra8 43. Ra6 g5 44. Kd3 f5 45. Ra5 Kc6 46. Kc4 Kb6 47. Rxc5 Rxa7 48. Rxf5 Rg7 49. Rf6+ Kb7 50. Rf3 g4 51. Rg3 Rf7 52. Rg2 Rf3 53. Kd5 Rxb3 54. Rxg4 Rf3 55. Rg2 Kc7 56. Ke6 Kd8 57. Rg8+ Kc7 58. Rg7+ Kd8 59. Rf7 Ra3 60. Rf8+ Kc7 61. Ke7 Ra2 62. Rf6 Re2+ 63. Kf8 Kd7 64. f4 Rf2 65. Kf7 Rf1 66. Kg6 Ke7 67. Rf7+ Ke8 68. Rf5 Rg1+ 69. Kf6 Rf1 70. Kg7 Rg1+ 71. Rg5 Re1 72. Kf6 Kf8 73. Rh5 Kg8 74. Rg5+ Kf8 75. Ra5 Kg8 76. f5 Rf1 77. Ra8+ Kh7 78. Ra7+ Kg8 79. Rg7+ Kh8 80. Rg3 Ra1 81. Kf7 Ra7+ 82. Kf6 Ra6+ 83. Ke5 Ra5+ 84. Kf4 Ra4+ 85. Kg5 Kg7 86. Rc3 Ra6 87. Rc7+ Kf8 88. Rh7 Rb6 89. Rh1 Kg7 1/2-1/2

[Event "American op 38th"]
[Site "Los Angeles"]
[Date "2002.11.30"]
[Round "6"]
[White "Andrianov, Nikolai Ivanovich"]
[Black "Hermansen, Ron"]
[Result "1/2-1/2"]
[WhiteElo "2484"]
[BlackElo "2203"]
[PlyCount "56"]
[EventDate "2002.11.28"]
[EventType "swiss"]
[EventRounds "8"]
[EventCountry "USA"]
[SourceTitle "CBM 091 Extra"]
[Source "ChessBase"]
[SourceDate "2003.01.09"]
[SourceVersion "1"]
[SourceVersionDate "2003.01.09"]
[SourceQuality "1"]

1. d4 b6 2. c4 Bb7 3. Nc3 f5 4. d5 Nf6 5. Nf3 e6 6. dxe6 dxe6 7. Qxd8+ Kxd8 8. Ng5 Ke7 9. Bf4 h6 10. Nf3 Bxf3 11. exf3 c6 12. 0-0-0 Nbd7 13. Bd3 Kf7 14. Rhe1 Bb4 15. Bd2 Rhd8 16. Bc2 a6 17. a3 Bc5 18. Be3 b5 19. Bxc5 Nxc5 20. b4 Rxd1+ 21. Rxd1 Ncd7 22. c5 Nd5 23. Nxd5 cxd5 24. Bb3 Kf6 25. Kb2 Ne5 26. a4 Nc6 27. Ka3 Rb8 28. a5 Ra8 1/2-1/2